| 000 | 01320nam a22002777a 4500 | ||
|---|---|---|---|
| 001 | EPSA 0313 | ||
| 003 | gtcocun | ||
| 005 | 20250901192609.0 | ||
| 006 | a||||gr|||| 00| 0 | ||
| 007 | ta | ||
| 008 | 250901b2025 gt ||||| m||| 00| 0 eng d | ||
| 040 |
_agtcocun _bSPA _cgtcocun _eRDA |
||
| 041 | _aSPA EPSA 0313 | ||
| 084 | _0EPSA 0313 | ||
| 100 |
_aQuej Chiquín, Néstor Gudiel _eAutor |
||
| 245 |
_aINFORME FINAL DEL EJERCICIO PROFESIONAL SUPERVISADO, REALIZADO EN GRUO COMERCIAL MI CASITA, TACTIC ALTA VERAPAZ _cNéstor Gudiel Quej Chiquín _hImpreso |
||
| 264 |
_aCobán, Alta Verapaz: _bUniversidad de San Carlos de Guatemala, Centro Universitario del Norte, _c2025 |
||
| 300 |
_a/ _bIlustraciones, gráficas. _c28 cm; |
||
| 502 | _eEPSA 0313 | ||
| 502 |
_aEjercicio Profesional Supervisado _bLicenciatura en Administración de Empresas, _cUniversidad de San Carlos de Guatemala, Centro Universitario del Norte, Licenciatura en Administración de Empresas _d2025 _oEPSA 0313 |
||
| 650 |
_2LEMB _aTactic, Alta Verapaz _xAdministración _xSoluciones _xPlanificación _xRoles _xMarketing _xProcedimientos |
||
| 700 |
_aLcda. Gloria Isabel Contreras Pop _eAsesor |
||
| 856 |
_uSin archivo en línea. _zSin archivo en línea. |
||
| 942 |
_2ddc _cTES _iEPSA 0313 _kClasificación _n0 _6EPSA_0313_000000000000000 |
||
| 999 |
_c1568 _d1568 |
||